000 00843nam a22002897a 4500
003 CHAP
005 20220817042441.0
008 971013s1972 r 00010 d
010 _a45086
011 _a46058
035 _a50198
040 _cCHAP
082 _a633.2
_bR39
100 0 0 _aRaymond, Frank.
_994832
245 _aForage conservation and feeding
260 _aIpswich, Suffolk :
_bFarming Press,
_c1972
300 _a175 p.
_b: ilus. ; láms.
590 _aBATCH-UPD
_b10
_c20130110
_lUCH01
_h0134
590 _aBATCH-UPD
_b10
_c20130110
_lUCH01
_h1815
590 _aCONVERSION
_b10
_c20130109
_lUCH01
_h1325
650 1 4 _aForrajes.
700 0 _aShepperson, Gordon.
_9105637
700 0 _aWaltham, Richard.
_9120987
901 _aBK
942 _cLIBRO
949 _a633.2 R39
_bBC
_cLIBRO
_d33724000214649
_eLIBRO
_h35501
_i50198
_si
999 _c45086
_d45086